О точности метода конечных разностей; Исследования по теоретической физике и математике

Detalles Bibliográficos
Parent link:Исследования по теоретической физике и математике.— 1964.— С. 25-35
Autor Principal: Юргенсон Р.
Idioma:ruso
Publicado: 1964
Formato: MixedMaterials Capítulo de libro
KOHA link:https://koha.lib.tpu.ru/cgi-bin/koha/opac-detail.pl?biblionumber=212578

MARC

LEADER 00000naa2a2200000 4500
001 212578
005 20231031192927.0
035 |a (RuTPU)RU\TPU\book\232242 
035 |a RU\TPU\book\232241 
090 |a 212578 
100 |a 20120328d1964 k y0rusy50 ca 
101 0 |a rus 
102 |a RU 
200 1 |a О точности метода конечных разностей  |f Р. Юргенсон 
320 |a Библиогр.: с. 35 (10 назв.) 
463 0 |0 (RuTPU)RU\TPU\book\232129  |t Исследования по теоретической физике и математике  |f Академия наук Эстонской ССР (АН ЭССР), Институт физики и астрономии  |v С. 25-35  |d 1964  |p 103 с.  |s Труды института физики и астрономии ; № 24 
700 1 |a Юргенсон  |b Р. 
801 1 |a RU  |b 63413507  |c 20120328 
801 2 |a RU  |b 63413507  |c 20120328  |g RCR 
942 |c BK